MARC details
| 000 -CABECERA |
| campo de control de longitud fija |
01006cam a2200265 a 4500 |
| 001 - NÚMERO DE CONTROL |
| campo de control |
000015623 |
| 003 - IDENTIFICADOR DEL NÚMERO DE CONTROL |
| campo de control |
OSt |
| 005 - FECHA Y HORA DE LA ÚLTIMA TRANSACCIÓN |
| campo de control |
20260206124607.0 |
| 008 - DATOS DE LONGITUD FIJA--INFORMACIÓN GENERAL |
| campo de control de longitud fija |
801219s1969 sp 000 0 spa |
| 040 ## - FUENTE DE LA CATALOGACIÓN |
| Centro catalogador/agencia de origen |
DO-SdBNP |
| Lengua de catalogación |
spa |
| Centro/agencia transcriptor |
BNPHU |
| 049 ## - FONDOS LOCALES (OCLC) |
| Fondos de biblioteca |
BNGR |
| 082 ## - NÚMERO DE LA CLASIFICACIÓN DECIMAL DEWEY |
| Número de clasificación |
616.897 |
| Número de documento/Ítem |
B647a |
| 100 1# - ENTRADA PRINCIPAL--NOMBRE DE PERSONA |
| Nombre de persona |
Bleuler, Eugen, |
| Fechas asociadas al nombre |
1857-1939. |
| 9 (RLIN) |
35209 |
| 240 10 - TÍTULO UNIFORME |
| Título uniforme |
Affektivitat, suggestibilitat, paranoia. |
| Lenguaje de la obra |
Español |
| 245 10 - MENCIÓN DE TÍTULO |
| Título |
Afectividad, sugestibilidad, paranoia / |
| Mención de responsabilidad, etc. |
Eugen Bleuler ; versión española y estudio a modo de prólogo por el Dr. Bartolomé Llopis. |
| 260 ## - PUBLICACIÓN, DISTRIBUCIÓN, ETC. |
| Lugar de publicación, distribución, etc. |
Madrid : |
| Nombre del editor, distribuidor, etc. |
Ediciones Morata, |
| -- |
Fundación de javier Morata, |
| Fecha de publicación, distribución, etc. |
1969. |
| 300 ## - DESCRIPCIÓN FÍSICA |
| Extensión |
206 p. ; |
| Dimensiones |
22 cm. |
| 500 ## - NOTA GENERAL |
| Nota general |
Incluye referencias bibliográficas y notas al pie de las páginas |
| 534 ## - NOTA SOBRE LA VERSIÓN ORIGINAL |
| Encabezamiento principal del original |
Affektivitat, suggestibilitat, paranoia |
| Mención de edición del original |
Fundación de javier Morata, |
| Publicación, distribución, etc. del original |
Alemania |
| 650 #4 - PUNTO DE ACCESO ADICIONAL DE MATERIA--TÉRMINO DE MATERIA |
| Término de materia o nombre geográfico como elemento de entrada |
Paranoia |
| 9 (RLIN) |
35210 |
| 650 #0 - PUNTO DE ACCESO ADICIONAL DE MATERIA--TÉRMINO DE MATERIA |
| Término de materia o nombre geográfico como elemento de entrada |
Enfermos mentales |
| 9 (RLIN) |
18253 |
| 700 1# - PUNTO DE ACCESO ADICIONAL--NOMBRE DE PERSONA |
| Nombre de persona |
Llopis Lloret, Bartolomé, |
| Término indicativo de función/relación |
pról. |
| 9 (RLIN) |
35211 |
| 942 ## - ELEMENTOS DE PUNTO DE ACCESO ADICIONAL (KOHA) |
| Fuente del sistema de clasificación o colocación |
Dewey Decimal Classification |
| Tipo de ítem Koha |
Libros y folletos |
| 956 ## - LOCALIZACIÓN Y ACCESO ELECTRÓNICOS LOCAL (OCLC) |
| Nombre del host |
LOPEREZ |